Statistics for World Cities to World Cities - Click Quiz

Click here to take the quiz!

General Stats

  • This quiz has been taken 3,581 times
  • The average score is 34 of 60

Answer Stats

HintAnswer% Correct
Abu DhabiDubai
86%
ChristchurchAuckland
83%
GdanskWroclaw
77%
DarwinPerth
76%
GalwayCork
74%
SalzburgInnsbruck
74%
Cape TownDurban
73%
BangkokPhuket
73%
ThessalonikiHeraklion
72%
TijuanaCancun
69%
SapporoKobe
69%
GothenburgMalmo
69%
DubrovnikSplit
69%
Port SudanKhartoum
68%
NantesStrasbourg
68%
UtrechtMaastricht
67%
CoventryGlasgow
66%
BaselLausanne
66%
JeddahMedina
65%
DniproOdessa
65%
AlicanteBilbao
63%
BariGenoa
63%
MainzLeipzig
63%
BergenTrondheim
63%
AswanAlexandria
59%
DaeguBusan
59%
LahoreFaisalabad
59%
QuitoGuayaquil
59%
Dar es SalaamZanzibar
58%
GhentCharleroi
56%
VladivostokKazan
56%
SpokaneTulsa
56%
MosulBasra
54%
BamakoTimbuktu
54%
MarrakeshAgadir
52%
BarranquillaMedellin
52%
SofiaVarna
52%
ManausCuritiba
51%
CaracasMaracaibo
50%
MandalayYangon
49%
GaziantepIzmir
48%
OstravaBrno
47%
ChongqingDalian
47%
KinshasaLubumbashi
47%
Punta CanaSanto Domingo
46%
YaoundeDouala
45%
DenpasarSurabaya
44%
BucharestTimisoara
43%
QomIsfahan
41%
ReginaSherbrooke
41%
CebuDavao
40%
IbadanKano
40%
KumasiAccra
36%
AhmedabadPatna
35%
San Pedro SulaTegucigalpa
35%
RosarioUshuaia
35%
ArequipaCusco
33%
Punta ArenasValparaiso
33%
CochabambaSucre
29%
ConstantineOran
28%

Score Distribution

Percentile by Number Answered

Percent of People with Each Score

Your Score History

You have not taken this quiz